LEADER 00872nam a2200217 i 4500 001 000000155644 003 CaOOAMICUS 005 20190624102919.0 008 061116s1938 it u000 u ita u 013 $a132998 040 $aSeMil$bita 245 10$a5: 1827-1830. 300 $a280 p., [1] c. di tav. 700 1 $aLeopardi, Giacomo,$d<1798-1837>.$0(OLS)http://semarc/name/1218 700 1 $aMoroncini, Francesco.$0(OLS)http://semarc/name/7745 773 0 $aLeopardi, Giacomo <1798-1837>$tEpistolario di Giacomo Leopardi.$bNuova edizione ampliata con lettere dei corrispondenti e con note illustrative.$dFirenze : Le Monnier, 1934-1941.$w()16846 850 $aSeMil 852 $aSeMil$W1$xVenegono$y1$m1E I 48$j107475$B107475$CSeMilBibl$Z2$F116953 $81 961 $aRecupero: Altro 996 $6245$a5: 1827-1830$9(OLS)http://semarc/title/227991 LEADER 00785nam a2200217 i 4500 001 000000111303 003 CaOOAMICUS 005 20040903000000.0 008 040903s2004 it u000 u ita u 013 $a83985 040 $aSeMil$bita 245 12$aL'Espresso dal 1969 al 2004. 300 $a1150 p. 500 $aDono del Card. Dionigi Tettamanzi. 700 1 $aScalfari, Eugenio,$d<1924-2022>.$0(OLS)http://semarc/name/5790 773 0 $aScalfari, Eugenio <1924-2022>$tArticoli.$dRoma : La Biblioteca di Repubblica, 2004.$g5$w()12059 850 $aSeMil 852 $aSeMil$W1$xVenegono$y1$m3N III 117$j67138$B67138$CSeMilBibl$Z2$F86063 $81 941 1 $a5 961 $aOmaggio: Tettamanzi Card. Dionigi 996 $6245$aL'Espresso dal 1969 al 2004$9(OLS)http://semarc/title/161969